000 01173cam a22002771 4500
999 _c88645
_d88645
001 5917160
003 ARRUPE
005 20170529093204.0
008 750801s1922 paubf 000 0 eng
010 _a 22026398
035 _a(OCoLC)1497646
040 _aDLC
_cFJ
_dOCoLC
_dDLC
042 _apremarc
050 0 0 _aDT16.B2
_bC3 1922
100 1 _aCampbell, Dugald,
_d1871-
_931170
245 1 0 _aIn the heart of Bantuland;
_ba record of twenty-nine years' pioneering in Central Africa among the Bantu peoples, with a description of their habits, customs, secret societies & languages,
_cby Dugald Campbell ...
260 _aPhiladelphia,
_bJ.B. Lippincott Company;
_aLondon,
_bSeeley, Service & Co., ltd.,
_c1922.
300 _a1 p. l., 11-313 p.
_bfront., plates, fold. map.
_c22 cm.
500 _aPrinted in Great Britain.
530 _aAlso available in digital form on the Internet Archive Web site.
650 0 _aBantu-speaking peoples.
_931171
856 4 1 _uhttp://hdl.loc.gov/loc.gdc/scd0001.00299799876
906 _a7
_bcbc
_coclcrpl
_du
_encip
_f19
_gy-gencatlg
942 _2lcc
_cMONOGRAPH